书目信息 |
| 题名: |
配器法教程
|
|
| 作者: | 阿德勒 著 ;金平 翻译 | |
| 分册: | 上 | |
| 出版信息: | 北京 中央音乐学院出版社 2021.3 |
|
| 页数: | 539页 | |
| 开本: | 26cm | |
| 丛书名: | 北京现代音乐节音乐译著丛书 | |
| 单 册: | ||
| 中图分类: | J614.4 | |
| 科图分类: | ||
| 主题词: | 管弦乐法--教材 | |
| 电子资源: | ||
| ISBN: | 978-7-81096-347-3 | |
| 000 | 01200nam 2200313 45 | |
| 001 | 012001000994 | |
| 005 | 20211020094816.39 | |
| 010 | @a978-7-81096-347-3@dCNY140.00 | |
| 099 | @aCAL 012010250648 | |
| 100 | @a20101130d2010 em y0chiy0110 ea | |
| 101 | 1 | @achi@ceng |
| 102 | @aCN@b110000 | |
| 105 | @aag a 000yy | |
| 106 | @ar | |
| 200 | 1 | @a配器法教程@APei Qi Fa Jiao Cheng@h上@f(美) 塞缪尔·阿德勒著@d= The study of orchestration@fSamuel Adler@g翻译金平 ... [等]@zeng |
| 210 | @a北京@c中央音乐学院出版社@d2021.3 | |
| 215 | @a539页@c图, 乐谱@d26cm | |
| 225 | 2 | @a北京现代音乐节音乐译著丛书@ABei Jing Xian Dai Yin Yue Jie Yin Yue Yi Zhu Cong Shu |
| 305 | @a据原书第3版译出 | |
| 320 | @a有书目 | |
| 330 | @a本书主要内容包括:管弦乐队的历史和现状、弓弦乐器、单独的弓弦乐器、拨弦乐器、为弦乐配器、木管组、单独的木管乐器、铜管乐器介绍、打击乐组、键盘乐器等。 | |
| 461 | 0 | @12001 @a北京现代音乐节音乐译著丛书 |
| 500 | 10 | @aStudy of orchestration@mChinese |
| 606 | 0 | @a管弦乐法@j教材 |
| 690 | @aJ614.4@v5 | |
| 701 | 1 | @a阿德勒@AA De Le@g(Adler, Samuel),@f1928-@4著 |
| 702 | 0 | @a金平@AJin Ping@4翻译 |
| 801 | @aCN@b江苏凤凰@c20211018 | |
| 905 | @b1341798-800@dJ614.4@e1286:1@f3 | |
| 配器法教程.上/(美) 塞缪尔·阿德勒著= The study of orchestration/Samuel Adler/翻译金平 ... [等].-北京:中央音乐学院出版社,2021.3 |
| 539页:图, 乐谱;26cm.-(北京现代音乐节音乐译著丛书) |
| ISBN 978-7-81096-347-3:CNY140.00 |
| 本书主要内容包括:管弦乐队的历史和现状、弓弦乐器、单独的弓弦乐器、拨弦乐器、为弦乐配器、木管组、单独的木管乐器、铜管乐器介绍、打击乐组、键盘乐器等。 |
| ● |
| 相关链接 |
|
|
|
|
正题名:配器法教程
索取号:J614.4/1286:1
 
预约/预借
| 序号 | 登录号 | 条形码 | 馆藏地/架位号 | 状态 | 备注 |
| 1 | 1341798 | 213417989 | 第一样本阅览室/ [索取号:J614.4/1286:1] | 在馆 | |
| 2 | 1341799 | 213417998 | 第一借阅区/ [索取号:J614.4/1286:1] | 在馆 | |
| 3 | 1341800 | 213418005 | 第一借阅区/ [索取号:J614.4/1286:1] | 在馆 |